Kalem, kelam ve kılıç : (Record no. 200444394)

MARC details
000 -LEADER
fixed length control field 00977cam a2200301 i 4500
003 - CONTROL NUMBER IDENTIFIER
control field TR-AnTOB
005 - DATE AND TIME OF LATEST TRANSACTION
control field 20211018153630.0
007 - PHYSICAL DESCRIPTION FIXED FIELD--GENERAL INFORMATION
fixed length control field ta
008 - FIXED-LENGTH DATA ELEMENTS--GENERAL INFORMATION
fixed length control field 210205s2018 tu tur
020 ## - INTERNATIONAL STANDARD BOOK NUMBER
International Standard Book Number 9786053499565
040 ## - CATALOGING SOURCE
Original cataloging agency TR-AnTOB
Language of cataloging eng
Description conventions rda
Transcribing agency TR-AnTOB
041 0# - LANGUAGE CODE
Language code of text/sound track or separate title Türkçe
050 14 - LIBRARY OF CONGRESS CALL NUMBER
Classification number DS461.1
Item number .B889 2018
090 ## - LOCALLY ASSIGNED LC-TYPE CALL NUMBER (OCLC); LOCAL CALL NUMBER (RLIN)
Classification number (OCLC) (R) ; Classification number, CALL (RLIN) (NR) DS461.1
Local cutter number (OCLC) ; Book number/undivided call number, CALL (RLIN) .B889 2018
100 1# - MAIN ENTRY--PERSONAL NAME
Personal name Kuş Büyüktaş, Canan
Dates associated with a name 1979-
Relator term author
9 (RLIN) 126308
245 10 - TITLE STATEMENT
Title Kalem, kelam ve kılıç :
Remainder of title Babür Şah /
Statement of responsibility, etc. Canan Kuş Büyüktaş.
250 ## - EDITION STATEMENT
Edition statement 1. baskı
264 #1 - PRODUCTION, PUBLICATION, DISTRIBUTION, MANUFACTURE, AND COPYRIGHT NOTICE
Place of production, publication, distribution, manufacture İstanbul:
Name of producer, publisher, distributor, manufacturer Erdem,
Date of production, publication, distribution, manufacture, or copyright notice 2018.
300 ## - PHYSICAL DESCRIPTION
Extent 110 pages ;
Dimensions 21 cm
336 ## - CONTENT TYPE
Source rdacontent
Content type term text
Content type code txt
337 ## - MEDIA TYPE
Source rdamedia
Media type term unmediated
Media type code n
338 ## - CARRIER TYPE
Source rdacarrier
Carrier type term volume
Carrier type code nc
490 0# - SERIES STATEMENT
Series statement Erdem Kültür Kitapları ;
Volume/sequential designation 48
Series statement Tarihi insan yazar; kut, inayet ve yönetim
504 ## - BIBLIOGRAPHY, ETC. NOTE
Bibliography, etc. note
600 #0 - SUBJECT ADDED ENTRY--PERSONAL NAME
Personal name Babur,
Dates associated with a name 1483-1530
9 (RLIN) 120325
Titles and other words associated with a name Hindistan İmparatoru,
942 ## - ADDED ENTRY ELEMENTS (KOHA)
Source of classification or shelving scheme Library of Congress Classification
Koha item type Book
Holdings
Withdrawn status Lost status Source of classification or shelving scheme Not for loan Collection code Home library Current library Shelving location Date acquired Source of acquisition Inventory number Total Checkouts Full call number Barcode Date last seen Date shelved Koha item type Public note
    Library of Congress Classification Ödünç Verilebilir / Available Genel Koleksiyon Merkez Kütüphane Merkez Kütüphane Genel Koleksiyon / Main Collection 17/09/2021 Bağış / Donation TAR   DS461.1 .B889 2018 0064021 18/10/2021 22/10/2021 Book Donated by Ahmet Yaşar Ocak
Devinim Yazılım Eğitim Danışmanlık tarafından Koha'nın orjinal sürümü uyarlanarak geliştirilip kurulmuştur.